[Event "Gibtelecom ChallWk1 6th"]
[Site "Gibraltar"]
[Date "2008.01.24"]
[Round "3.23"]
[White "Dasaolu, Adeoye"]
[Black "Helin, Mikael"]
[Result "1-0"]
[WhiteElo "2064"]
[BlackElo "1935"]
[PlyCount "101"]
[EventDate "2008.01.22"]
[EventType "swiss"]
[EventRounds "5"]
[EventCountry "GGB"]
[SourceTitle "BritBase"]
[Source "www.saund.co.uk"]
[SourceDate "2018.02.10"]
[SourceVersion "1"]
[SourceVersionDate "2018.02.10"]
[SourceQuality "1"]

1. Nf3 c5 2. c4 Nc6 3. Nc3 e5 4. g3 g6 5. Bg2 Bg7 6. d3 Nge7 7. O-O h6 8. Rb1
O-O 9. a3 f5 10. Qc2 g5 11. b4 g4 12. Nd2 f4 13. bxc5 Nd4 14. Qd1 a6 15. Nce4
Qe8 16. Bb2 Nec6 17. Bxd4 Nxd4 18. Nd6 Qh5 19. e3 f3 20. exd4 fxg2 21. Kxg2
Qh3+ 22. Kg1 exd4 23. Qe2 Rf6 24. Qe8+ Kh7 25. Qe4+ Kh8 26. Rfe1 Rb8 27. Qg2
Qh5 28. Re8+ Rf8 29. Qd5 Qxe8 30. Nxe8 Rxe8 31. Qd6 Ra8 32. Ne4 a5 33. Qg6 Re6
34. Qxg4 d5 35. cxd5 Re5 36. Qg6 Bf5 37. Qf7 Rf8 38. Qxb7 Bxe4 39. dxe4 Rxe4
40. d6 Re2 41. d7 d3 42. Qd5 d2 43. d8=Q Re1+ 44. Kg2 Rxb1 45. Qxd2 Rb8 46.
Q8d6 a4 47. c6 Kh7 48. Q2d3+ Kh8 49. Q6g6 Kg8 50. Qh7+ Kf7 51. Qd7+ 1-0

[Event "Gibtelecom ChallWk1 6th"]
[Site "Gibraltar"]
[Date "2008.01.24"]
[Round "3.24"]
[White "Pettersen, Joar Gullestad"]
[Black "Kandic, Milan"]
[Result "1/2-1/2"]
[WhiteElo "2026"]
[BlackElo "2238"]
[PlyCount "119"]
[EventDate "2008.01.22"]
[EventType "swiss"]
[EventRounds "5"]
[EventCountry "GGB"]
[SourceTitle "BritBase"]
[Source "www.saund.co.uk"]
[SourceDate "2018.02.10"]
[SourceVersion "1"]
[SourceVersionDate "2018.02.10"]
[SourceQuality "1"]

1. d4 d6 2. c4 Nf6 3. Nc3 Nbd7 4. e4 e5 5. Nf3 Be7 6. Be2 O-O 7. O-O c6 8. Be3
Qc7 9. h3 Re8 10. Qd3 Bf8 11. Rae1 exd4 12. Nxd4 Nc5 13. Qc2 Ncxe4 14. Nxe4
Nxe4 15. Bd3 f5 16. Bf4 Qf7 17. f3 Nc5 18. Rxe8 Qxe8 19. Bxf5 g6 20. Bxc8 Rxc8
21. Bg3 Qe3+ 22. Bf2 Qd3 23. Rd1 Qxc2 24. Nxc2 Re8 25. Kf1 Na4 26. Bd4 Kf7 27.
b3 Nb6 28. Re1 Rxe1+ 29. Kxe1 c5 30. Bb2 d5 31. Ne3 Ke6 32. Nxd5 Nxd5 33. cxd5+
Kxd5 34. Ke2 b5 35. Ke3 c4 36. f4 Bc5+ 37. Kf3 Bd4 38. Bc1 Ba1 39. Ke3 Bd4+ 40.
Kf3 a5 41. g4 a4 42. bxa4 bxa4 43. h4 h5 44. f5 hxg4+ 45. Kxg4 gxf5+ 46. Kxf5
c3 47. h5 Bh8 48. h6 Kd4 49. Ke6 Kd3 50. Kd5 Kc2 51. Ba3 Kb1 52. Kc4 Bf6 53. h7
c2 54. Kb5 Kxa2 55. Kxa4 Kb1 56. Kb3 Bg7 57. Ka4 Be5 58. Kb3 Bd4 59. Ka4 Ka2
60. Bc1 1/2-1/2

[Event "Gibtelecom ChallWk1 6th"]
[Site "Gibraltar"]
[Date "2008.01.24"]
[Round "3.25"]
[White "Molina, Antonio"]
[Black "Vasvari, Tamas"]
[Result "1-0"]
[WhiteElo "2011"]
[BlackElo "2174"]
[PlyCount "59"]
[EventDate "2008.01.22"]
[EventType "swiss"]
[EventRounds "5"]
[EventCountry "GGB"]
[SourceTitle "BritBase"]
[Source "www.saund.co.uk"]
[SourceDate "2018.02.10"]
[SourceVersion "1"]
[SourceVersionDate "2018.02.10"]
[SourceQuality "1"]

1. d4 d5 2. c4 c6 3. Nc3 Nf6 4. Nf3 dxc4 5. a4 Bf5 6. Ne5 Nbd7 7. Nxc4 Qc7 8.
g3 e5 9. dxe5 Nxe5 10. Bf4 Nfd7 11. Nxe5 Nxe5 12. Qd4 f6 13. a5 a6 14. Bg2 Rd8
15. Qa4 Bc5 16. O-O O-O 17. Bxe5 Qxe5 18. Qb3+ Rf7 19. Rfd1 Re8 20. e3 Be6 21.
Qa4 f5 22. Rac1 Ba7 23. Qa3 g5 24. Ne2 Bb8 25. Nd4 Bd6 26. Nxc6 Bxa3 27. Nxe5
Bxb2 28. Nxf7 Bxc1 29. Nxg5 Ba3 30. Nxe6 1-0

[Event "Gibtelecom ChallWk1 6th"]
[Site "Gibraltar"]
[Date "2008.01.24"]
[Round "3.26"]
[White "Ungureanu, Sandu"]
[Black "Wynarczyk, Raymond"]
[Result "1-0"]
[WhiteElo "2137"]
[BlackElo "2039"]
[PlyCount "119"]
[EventDate "2008.01.22"]
[EventType "swiss"]
[EventRounds "5"]
[EventCountry "GGB"]
[SourceTitle "BritBase"]
[Source "www.saund.co.uk"]
[SourceDate "2018.02.10"]
[SourceVersion "1"]
[SourceVersionDate "2018.02.10"]
[SourceQuality "1"]

1. e4 c5 2. Nf3 e6 3. c4 Nc6 4. Nc3 g6 5. d4 cxd4 6. Nxd4 Bg7 7. Be3 Nge7 8.
Be2 O-O 9. O-O f5 10. Qd2 b6 11. Rad1 Nxd4 12. Bxd4 e5 13. Be3 f4 14. Nd5 Bb7
15. Nxe7+ Qxe7 16. Qxd7 Qxd7 17. Rxd7 Bc8 18. Rxg7+ Kxg7 19. Bd2 Bb7 20. f3
Rad8 21. Bc3 Kf6 22. Kf2 Ba6 23. a4 Rf7 24. a5 Rc7 25. axb6 axb6 26. b3 Bb7 27.
Rc1 Re8 28. Rd1 Ke6 29. b4 Ra8 30. c5 Ba6 31. Rd6+ Ke7 32. Rxb6 Bxe2 33. Kxe2
Ra2+ 34. Kd3 Rd7+ 35. Kc4 Rxg2 36. Bxe5 g5 37. Bd6+ Kf7 38. Ra6 g4 39. fxg4 f3
40. Ra3 f2 41. Rf3+ Ke6 42. Bg3 Rxg3 43. Rxf2 Rxg4 44. Re2 Ke5 45. c6 Rd4+ 46.
Kc5 Rd1 47. b5 Rc1+ 48. Kb6 Rg7 49. Rd2 Kxe4 50. Rd7 Rxd7 51. cxd7 Rd1 52. Kc7
Rc1+ 53. Kd6 Rd1+ 54. Ke7 Ke5 55. b6 Rd6 56. b7 Rb6 57. d8=Q Rxb7+ 58. Kf8 Ke6
59. Qc8+ Rd7 60. Ke8 1-0

[Event "Gibtelecom ChallWk1 6th"]
[Site "Gibraltar"]
[Date "2008.01.24"]
[Round "3.27"]
[White "Vinas Guerrero, Carlos A"]
[Black "Reppen, Ellisiv"]
[Result "1-0"]
[WhiteElo "2129"]
[BlackElo "1918"]
[PlyCount "88"]
[EventDate "2008.01.22"]
[EventType "swiss"]
[EventRounds "5"]
[EventCountry "GGB"]
[SourceTitle "BritBase"]
[Source "www.saund.co.uk"]
[SourceDate "2018.02.10"]
[SourceVersion "1"]
[SourceVersionDate "2018.02.10"]
[SourceQuality "1"]

1. e4 e5 2. Nf3 Nc6 3. Bb5 a6 4. Ba4 Nf6 5. d3 b5 6. Bb3 Be7 7. O-O d6 8. a4
Rb8 9. axb5 axb5 10. Re1 O-O 11. c3 h6 12. d4 exd4 13. cxd4 Bg4 14. Be3 Re8 15.
Nbd2 Bf8 16. Qc1 Ne7 17. Ra7 Rc8 18. e5 Nfd5 19. Ne4 Nxe3 20. Rxe3 Nf5 21. Rc3
d5 22. Ng3 Nxg3 23. hxg3 c5 24. dxc5 b4 25. Rc2 Bf5 26. Qf4 Bxc5 27. Rxc5 Rxc5
28. Qxf5 Re7 29. Rxe7 Qxe7 30. Bc2 g6 31. Qd3 Qc7 32. Bb3 Qc6 33. Nd4 Qc7 34.
Qe3 Qe7 35. Kh2 Qg5 36. f4 Qh5+ 37. Kg1 Ra5 38. Qc1 Qg4 39. Kf2 Qd7 40. Qe3 Ra8
41. Bc2 Re8 42. Bd3 Rb8 43. e6 fxe6 44. Bxg6 Rb6 1-0

[Event "Gibtelecom ChallWk1 6th"]
[Site "Gibraltar"]
[Date "2008.01.24"]
[Round "3.28"]
[White "Wheldon, Philip"]
[Black "Gravett, Alan D"]
[Result "1-0"]
[WhiteElo "2096"]
[BlackElo "1869"]
[PlyCount "94"]
[EventDate "2008.01.22"]
[EventType "swiss"]
[EventRounds "5"]
[EventCountry "GGB"]
[SourceTitle "BritBase"]
[Source "www.saund.co.uk"]
[SourceDate "2018.02.10"]
[SourceVersion "1"]
[SourceVersionDate "2018.02.10"]
[SourceQuality "1"]

1. e4 c5 2. Nf3 d6 3. Bb5+ Bd7 4. Bxd7+ Nxd7 5. O-O Ngf6 6. Qe2 g6 7. c3 e5 8.
d4 Bg7 9. dxe5 dxe5 10. Rd1 Qc7 11. c4 O-O 12. Nc3 Rfe8 13. Bg5 h6 14. Bxf6
Nxf6 15. Nd5 Qc6 16. Nxf6+ Bxf6 17. Rd5 Kg7 18. Rad1 Rad8 19. h3 a6 20. b3 g5
21. Nh2 Rxd5 22. Rxd5 Rd8 23. Qh5 Rxd5 24. cxd5 Qd6 25. Ng4 Be7 26. Ne3 Qf6 27.
Nf5+ Kh7 28. Qd1 Bd6 29. Qf3 Kg6 30. g3 b5 31. h4 Be7 32. h5+ Kh7 33. Qd3 Bd6
34. f4 gxf4 35. gxf4 Qd8 36. Qg3 Bf8 37. fxe5 c4 38. bxc4 Qb6+ 39. Kh2 bxc4 40.
e6 fxe6 41. Qg6+ Kh8 42. Qf6+ Kg8 43. Kh3 c3 44. dxe6 Qg1 45. Qf7+ Kh8 46.
Qxf8+ Kh7 47. Qxh6+ Kg8 1-0

[Event "Gibtelecom ChallWk1 6th"]
[Site "Gibraltar"]
[Date "2008.01.24"]
[Round "3.29"]
[White "Strand, Haakon"]
[Black "Pendlebury, Ian G"]
[Result "1-0"]
[WhiteElo "2045"]
[BlackElo "1952"]
[PlyCount "69"]
[EventDate "2008.01.22"]
[EventType "swiss"]
[EventRounds "5"]
[EventCountry "GGB"]
[SourceTitle "BritBase"]
[Source "www.saund.co.uk"]
[SourceDate "2018.02.10"]
[SourceVersion "1"]
[SourceVersionDate "2018.02.10"]
[SourceQuality "1"]

1. e4 c6 2. d4 d5 3. exd5 cxd5 4. c4 e6 5. Nc3 Nf6 6. Nf3 Be7 7. cxd5 Nxd5 8.
Bd3 O-O 9. O-O Nd7 10. Re1 N7f6 11. Ne5 Bd7 12. Bg5 Rc8 13. Rc1 Bc6 14. Bb1 Nb6
15. Qd3 g6 16. h4 Nbd7 17. Bh6 Re8 18. Qh3 Nxe5 19. dxe5 Nd5 20. Ne4 Rc7 21. h5
Bf8 22. Bxf8 Kxf8 23. Rcd1 Kg7 24. Nf6 Rh8 25. Qh4 Qe7 26. h6+ Kf8 27. Be4 Nxf6
28. Qxf6 Qxf6 29. exf6 Ke8 30. Bxc6+ bxc6 31. Rd6 g5 32. Red1 Rc8 33. Rd7 Rg8
34. Re7+ Kf8 35. Rdd7 1-0

[Event "Gibtelecom ChallWk1 6th"]
[Site "Gibraltar"]
[Date "2008.01.24"]
[Round "3.30"]
[White "Jorgensen, Line Jin"]
[Black "Petrovic, Marko"]
[Result "1-0"]
[WhiteElo "1867"]
[BlackElo "1983"]
[PlyCount "109"]
[EventDate "2008.01.22"]
[EventType "swiss"]
[EventRounds "5"]
[EventCountry "GGB"]
[SourceTitle "BritBase"]
[Source "www.saund.co.uk"]
[SourceDate "2018.02.10"]
[SourceVersion "1"]
[SourceVersionDate "2018.02.10"]
[SourceQuality "1"]

1. e4 d5 2. exd5 Qxd5 3. Nc3 Qa5 4. Bc4 Nf6 5. d3 Bf5 6. Bd2 c6 7. Nd5 Qd8 8.
Nxf6+ gxf6 9. Qf3 Bg6 10. O-O-O Nd7 11. Bb3 a5 12. a3 b5 13. Qxc6 a4 14. Bd5
Rb8 15. Re1 Bg7 16. Bb4 O-O 17. Bxe7 Qe8 18. Nf3 b4 19. Bxb4 Qd8 20. Kb1 Nb6
21. Bc4 Rc8 22. Qb5 Qc7 23. Re7 Qb8 24. Nh4 Nxc4 25. Qxb8 Nxa3+ 26. Bxa3 Rxb8
27. Nxg6 hxg6 28. Re4 Rfc8 29. Rxa4 Rc6 30. Re1 f5 31. f3 Rbc8 32. Re2 Bf6 33.
b3 Bg5 34. Bc1 Bf6 35. Bf4 g5 36. Bc1 f4 37. Bb2 Bd8 38. Rc4 Rxc4 39. Re8+ Kh7
40. dxc4 Kg6 41. Bd4 Rb8 42. c5 f6 43. c6 Kf7 44. c7 Bxc7 45. Rxb8 Bxb8 46. c4
f5 47. b4 g4 48. Kc2 Ke6 49. Kd3 Bc7 50. Bh8 Bb8 51. Kd4 Bc7 52. c5 Bb8 53. b5
Bc7 54. b6 Bd8 55. Be5 1-0

[Event "Gibtelecom ChallWk1 6th"]
[Site "Gibraltar"]
[Date "2008.01.24"]
[Round "3.31"]
[White "Manetto, Luis"]
[Black "Campeanu, Alin-Vivian"]
[Result "0-1"]
[WhiteElo "1592"]
[BlackElo "1912"]
[PlyCount "50"]
[EventDate "2008.01.22"]
[EventType "swiss"]
[EventRounds "5"]
[EventCountry "GGB"]
[SourceTitle "BritBase"]
[Source "www.saund.co.uk"]
[SourceDate "2018.02.10"]
[SourceVersion "1"]
[SourceVersionDate "2018.02.10"]
[SourceQuality "1"]

1. e4 d5 2. exd5 Qxd5 3. Nc3 Qa5 4. Nf3 Nf6 5. Bc4 Bg4 6. O-O Nbd7 7. d4 c6 8.
h3 Bh5 9. Bf4 e6 10. Be2 Bb4 11. Nh4 Bxc3 12. bxc3 Bxe2 13. Qxe2 g5 14. d5 Qxd5
15. Rad1 Qa5 16. Bd6 gxh4 17. f4 Qf5 18. Rb1 b6 19. Qa6 c5 20. c4 Qe4 21. Rbd1
Rg8 22. Rf2 Qc6 23. Be5 Ne4 24. Re2 Nxe5 25. fxe5 Nc3 0-1

[Event "Gibtelecom ChallWk1 6th"]
[Site "Gibraltar"]
[Date "2008.01.24"]
[Round "3.32"]
[White "Munz, Jostein"]
[Black "Joseph, Adrian P"]
[Result "1/2-1/2"]
[WhiteElo "1861"]
[BlackElo "1958"]
[PlyCount "77"]
[EventDate "2008.01.22"]
[EventType "swiss"]
[EventRounds "5"]
[EventCountry "GGB"]
[SourceTitle "BritBase"]
[Source "www.saund.co.uk"]
[SourceDate "2018.02.10"]
[SourceVersion "1"]
[SourceVersionDate "2018.02.10"]
[SourceQuality "1"]

1. e4 d5 2. exd5 Nf6 3. d4 Nxd5 4. Bd3 Nc6 5. Ne2 g6 6. Nbc3 Nxc3 7. bxc3 Bg7
8. Ba3 O-O 9. O-O Re8 10. Be4 Na5 11. Rb1 Nc4 12. Bc1 Nd6 13. Bf3 Rb8 14. Ng3
c6 15. Bxc6 bxc6 16. Rxb8 Nb7 17. Bf4 h6 18. Ne4 g5 19. Be3 Qc7 20. Ra8 f5 21.
Nc5 Nxc5 22. dxc5 Qb7 23. Rxc8 Qxc8 24. Qb1 f4 25. Qb3+ Kh7 26. Bc1 Qf5 27. Ba3
f3 28. gxf3 g4 29. c4 Qg5 30. Qd3+ Kh8 31. Bc1 Qh5 32. f4 e5 33. Bb2 exf4 34.
Bxg7+ Kxg7 35. Qd7+ Kh8 36. Qd4+ Qe5 37. Rd1 Qxd4 38. Rxd4 f3 39. h3 1/2-1/2

[Event "Gibtelecom ChallWk1 6th"]
[Site "Gibraltar"]
[Date "2008.01.25"]
[Round "4.1"]
[White "Compton, Alistair"]
[Black "Kvisla, Johannes Luangtep"]
[Result "0-1"]
[WhiteElo "2132"]
[BlackElo "2130"]
[PlyCount "120"]
[EventDate "2008.01.22"]
[EventType "swiss"]
[EventRounds "5"]
[EventCountry "GGB"]
[SourceTitle "BritBase"]
[Source "www.saund.co.uk"]
[SourceDate "2018.02.10"]
[SourceVersion "1"]
[SourceVersionDate "2018.02.10"]
[SourceQuality "1"]

1. e4 c5 2. Nf3 a6 3. d4 cxd4 4. Nxd4 e5 5. Nf3 Nf6 6. Bc4 Qc7 7. Qe2 b5 8. Bb3
Bb4+ 9. c3 Be7 10. Bg5 O-O 11. Nbd2 d6 12. Nf1 Nbd7 13. Ng3 Nc5 14. Bxf6 Bxf6
15. Bd5 Rb8 16. Qe3 Be6 17. Rd1 Na4 18. Qe2 Bxd5 19. Rxd5 b4 20. cxb4 Rxb4 21.
O-O a5 22. Qa6 Nc5 23. Qxd6 Qxd6 24. Rxd6 Nxe4 25. Nxe4 Rxe4 26. b3 Re2 27. Rd2
Re4 28. Re1 Rxe1+ 29. Nxe1 h6 30. Rd5 Rc8 31. f3 e4 32. fxe4 Rc1 33. Kf2 Bc3
34. Nd3 Rc2+ 35. Kf3 Rxa2 36. Nc5 Bb4 37. Nd3 Bc3 38. Nc5 Ra1 39. Rd8+ Kh7 40.
Rd3 Bb4 41. Na6 Be7 42. Rd7 Bg5 43. Nc5 Rc1 44. Rd5 Rc3+ 45. Ke2 Rc2+ 46. Kf3
Rb2 47. Rd3 Rb1 48. Nb7 a4 49. bxa4 Rxb7 50. Ra3 Be7 51. Ra2 Rb3+ 52. Kg4 g6
53. a5 Ra3 54. Rxa3 Bxa3 55. e5 Bc5 56. Kf4 Kg7 57. g4 Kf8 58. h4 Ke7 59. h5
Ke6 60. Ke4 g5 0-1

[Event "Gibtelecom ChallWk1 6th"]
[Site "Gibraltar"]
[Date "2008.01.25"]
[Round "4.2"]
[White "Horton-Kitchlew, Andrew"]
[Black "Urbina Perez, Juan Antonio"]
[Result "1/2-1/2"]
[WhiteElo "2091"]
[BlackElo "2241"]
[PlyCount "74"]
[EventDate "2008.01.22"]
[EventType "swiss"]
[EventRounds "5"]
[EventCountry "GGB"]
[SourceTitle "BritBase"]
[Source "www.saund.co.uk"]
[SourceDate "2018.02.10"]
[SourceVersion "1"]
[SourceVersionDate "2018.02.10"]
[SourceQuality "1"]

1. e4 c5 2. Nf3 d6 3. Bc4 Nf6 4. d3 e6 5. O-O Nc6 6. a3 Be7 7. Nc3 O-O 8. Ba2
Rb8 9. d4 cxd4 10. Nxd4 a6 11. Bg5 Qb6 12. Be3 Qc7 13. Qd2 b5 14. Nxc6 Qxc6 15.
Rfe1 Bb7 16. f3 Rfd8 17. Rad1 Rbc8 18. Qf2 Nd7 19. Rd2 Bf6 20. Red1 Nc5 21. Qg3
Be7 22. Bd4 Bf8 23. Be5 Nxe4 24. Nxe4 dxe5 25. Qxe5 Rxd2 26. Rxd2 Qb6+ 27. Kf1
Rd8 28. Rxd8 Qxd8 29. Ke2 Bxe4 30. Qxe4 g6 31. c4 bxc4 32. Bxc4 Qb6 33. Qc2 a5
34. h3 Bg7 35. b3 Qg1 36. Kd3 Qd4+ 37. Ke2 Qg1 1/2-1/2

[Event "Gibtelecom ChallWk1 6th"]
[Site "Gibraltar"]
[Date "2008.01.25"]
[Round "4.3"]
[White "Bigg, Andrew J"]
[Black "Arvola, Benjamin"]
[Result "1-0"]
[WhiteElo "2231"]
[BlackElo "2062"]
[PlyCount "81"]
[EventDate "2008.01.22"]
[EventType "swiss"]
[EventRounds "5"]
[EventCountry "GGB"]
[SourceTitle "BritBase"]
[Source "www.saund.co.uk"]
[SourceDate "2018.02.10"]
[SourceVersion "1"]
[SourceVersionDate "2018.02.10"]
[SourceQuality "1"]

1. d4 d5 2. Nf3 Nf6 3. c4 c6 4. Nc3 dxc4 5. a4 Bf5 6. Ne5 Nbd7 7. Nxc4 Qc7 8.
g3 e5 9. dxe5 Nxe5 10. Bf4 Nfd7 11. Bg2 f6 12. O-O Be7 13. a5 a6 14. Qc1 Nc5
15. Ne3 Be6 16. Ra3 O-O-O 17. b4 Ncd7 18. Qb1 g5 19. Bxe5 Nxe5 20. Rc1 Qd6 21.
Ncd5 Kb8 22. Nxe7 Qxe7 23. Rac3 Rd4 24. Nc2 Bf5 25. Nxd4 Bxb1 26. Rxb1 Qf7 27.
e3 Nc4 28. Rbc1 Nd6 29. Rxc6 Rc8 30. Rxc8+ Nxc8 31. b5 axb5 32. a6 Qa2 33. axb7
Na7 34. Rc8+ Nxc8 35. Nc6+ Kxb7 36. Nb4+ Kb6 37. Nxa2 Ka5 38. Kf1 b4 39. Bd5
Ka4 40. Nc1 Nb6 41. Be6 1-0

[Event "Gibtelecom ChallWk1 6th"]
[Site "Gibraltar"]
[Date "2008.01.25"]
[Round "4.4"]
[White "Arnott, Jonathan W"]
[Black "Lyell, Mark"]
[Result "0-1"]
[WhiteElo "2117"]
[BlackElo "2221"]
[PlyCount "64"]
[EventDate "2008.01.22"]
[EventType "swiss"]
[EventRounds "5"]
[EventCountry "GGB"]
[SourceTitle "BritBase"]
[Source "www.saund.co.uk"]
[SourceDate "2018.02.10"]
[SourceVersion "1"]
[SourceVersionDate "2018.02.10"]
[SourceQuality "1"]

1. e4 e5 2. Nf3 Nc6 3. d4 exd4 4. Bc4 Nf6 5. e5 d5 6. Bb5 Ne4 7. Nxd4 Bc5 8.
Nxc6 Bxf2+ 9. Ke2 Bg4+ 10. Kf1 Qd7 11. e6 fxe6 12. Qxg4 O-O 13. Ke2 bxc6 14.
Bd3 Nd6 15. Rf1 Bc5 16. Bf4 Nf5 17. Be5 Bd6 18. Qf4 c5 19. Bxd6 cxd6 20. Ke1 c4
21. Bxf5 Rxf5 22. Qg3 Rxf1+ 23. Kxf1 Qb5 24. Na3 Qxb2 25. Rb1 Qd4 26. Ke2 Rf8
27. Rb7 c3 28. Qe3 Qg4+ 29. Ke1 e5 30. Qe2 Qf4 31. Kd1 Qd4+ 32. Qd3 Rf1+ 0-1

[Event "Gibtelecom ChallWk1 6th"]
[Site "Gibraltar"]
[Date "2008.01.25"]
[Round "4.5"]
[White "Erdelyi, Tamas"]
[Black "Reppen, Sigmund"]
[Result "1-0"]
[WhiteElo "2186"]
[BlackElo "2061"]
[PlyCount "117"]
[EventDate "2008.01.22"]
[EventType "swiss"]
[EventRounds "5"]
[EventCountry "GGB"]
[SourceTitle "BritBase"]
[Source "www.saund.co.uk"]
[SourceDate "2018.02.10"]
[SourceVersion "1"]
[SourceVersionDate "2018.02.10"]
[SourceQuality "1"]

1. Nf3 Nf6 2. c4 e6 3. g3 d5 4. Bg2 Be7 5. b3 O-O 6. Bb2 c5 7. O-O Nc6 8. e3 b6
9. Qe2 Bb7 10. d3 Qc7 11. e4 Rad8 12. e5 Nd7 13. Nbd2 d4 14. Rfe1 Nb4 15. Nf1
Qb8 16. h4 Qa8 17. N1h2 Rc8 18. a3 Nc6 19. Bc1 Bd8 20. Bf4 Bc7 21. Bh3 Qb8 22.
Rab1 a5 23. h5 Rfe8 24. Ng4 Ne7 25. Ngh2 Nc6 26. Ng4 Ne7 27. b4 Qa8 28. Ngh2
Bc6 29. b5 Bb7 30. Ng5 Nf5 31. Ngf3 Nf8 32. g4 Ne7 33. Nh4 Bd8 34. Bg3 Kh8 35.
Bg2 Bxg2 36. Nxg2 Ng8 37. Nf3 Rc7 38. a4 Ra7 39. Nd2 Be7 40. Ne4 f5 41. exf6
gxf6 42. Kh2 Bd8 43. g5 Bc7 44. gxf6 Bxg3+ 45. fxg3 Qd8 46. Rf1 Nh6 47. g4 Nd7
48. Nh4 Ne5 49. Rg1 Qc7 50. Kh3 Rg8 51. g5 Nf5 52. Nxf5 exf5 53. Nf2 f4 54. Qe4
Qd7+ 55. Kh4 Qd6 56. Rbe1 Nd7 57. Ng4 f3 58. Rgf1 Nf8 59. Qe5 1-0

[Event "Gibtelecom ChallWk1 6th"]
[Site "Gibraltar"]
[Date "2008.01.25"]
[Round "4.6"]
[White "Kozlov, Oleg"]
[Black "Hamer, Martyn"]
[Result "1-0"]
[WhiteElo "2144"]
[BlackElo "1962"]
[PlyCount "55"]
[EventDate "2008.01.22"]
[EventType "swiss"]
[EventRounds "5"]
[EventCountry "GGB"]
[SourceTitle "BritBase"]
[Source "www.saund.co.uk"]
[SourceDate "2018.02.10"]
[SourceVersion "1"]
[SourceVersionDate "2018.02.10"]
[SourceQuality "1"]

1. d4 Nf6 2. Nf3 g6 3. Bg5 Bg7 4. Nbd2 O-O 5. e4 d6 6. Bc4 c6 7. e5 d5 8. Bd3
Ne8 9. Qe2 Nc7 10. Qe3 Ne6 11. c3 Nxg5 12. Nxg5 Qb6 13. O-O-O f6 14. Ngf3 fxe5
15. Nxe5 Bf5 16. Bxf5 Rxf5 17. g4 Rf6 18. h4 Qc7 19. h5 Nd7 20. hxg6 hxg6 21.
g5 Re6 22. Qh3 Qd6 23. Qh7+ Kf8 24. f4 c5 25. dxc5 Nxc5 26. Ndc4 Qa6 27. Rxd5
Rc8 28. Rxc5 1-0

[Event "Gibtelecom ChallWk1 6th"]
[Site "Gibraltar"]
[Date "2008.01.25"]
[Round "4.7"]
[White "Rosberg, Simon"]
[Black "Dasaolu, Adeoye"]
[Result "1/2-1/2"]
[WhiteElo "2246"]
[BlackElo "2064"]
[PlyCount "117"]
[EventDate "2008.01.22"]
[EventType "swiss"]
[EventRounds "5"]
[EventCountry "GGB"]
[SourceTitle "BritBase"]
[Source "www.saund.co.uk"]
[SourceDate "2018.02.10"]
[SourceVersion "1"]
[SourceVersionDate "2018.02.10"]
[SourceQuality "1"]

1. d4 Nf6 2. c4 d6 3. Nc3 c6 4. e4 g6 5. Be2 Bg7 6. Bg5 Qc7 7. Qd2 h6 8. Be3
Ng4 9. Bxg4 Bxg4 10. f3 Be6 11. d5 cxd5 12. cxd5 Bd7 13. Nge2 Na6 14. O-O Nc5
15. b4 Na4 16. Rac1 Nxc3 17. Nxc3 Qd8 18. Rc2 O-O 19. Rfc1 Kh7 20. Qf2 b6 21.
Bd4 Rc8 22. Bxg7 Kxg7 23. Qd4+ Kh7 24. Ne2 Rxc2 25. Rxc2 Ba4 26. Rc1 Bb5 27.
Qd2 Bxe2 28. Qxe2 Qd7 29. Rc6 Rb8 30. b5 Rb7 31. Qc2 Kg7 32. Qc3+ f6 33. a4 Qd8
34. Kf2 Qd7 35. Ke1 h5 36. h3 Kh7 37. Kf1 Kg7 38. Kg1 Kh7 39. Kh1 Kg7 40. Kh2
Kh7 41. g4 hxg4 42. fxg4 g5 43. Qf3 Kg7 44. Qb3 Rb8 45. Qc4 Rb7 46. Kg2 Qe8 47.
Rc8 Qd7 48. Qc6 Kf7 49. Rd8 Qxd8 50. Qxb7 Kf8 51. h4 gxh4 52. Kh3 Kf7 53. a5
bxa5 54. Qxa7 Qc8 55. Qxa5 Qc5 56. Qd2 Qxb5 57. Kxh4 Qb1 58. Qe2 Qg1 59. Kh3
1/2-1/2

[Event "Gibtelecom ChallWk1 6th"]
[Site "Gibraltar"]
[Date "2008.01.25"]
[Round "4.8"]
[White "Bates, Caspar J"]
[Black "Lovik, Lasse Ostebo"]
[Result "1/2-1/2"]
[WhiteElo "2190"]
[BlackElo "2052"]
[PlyCount "75"]
[EventDate "2008.01.22"]
[EventType "swiss"]
[EventRounds "5"]
[EventCountry "GGB"]
[SourceTitle "BritBase"]
[Source "www.saund.co.uk"]
[SourceDate "2018.02.10"]
[SourceVersion "1"]
[SourceVersionDate "2018.02.10"]
[SourceQuality "1"]

1. d4 d5 2. c4 c6 3. cxd5 cxd5 4. Nf3 Nc6 5. a3 Bg4 6. e3 Nf6 7. b4 a6 8. Bb2
e6 9. Nbd2 Ne4 10. Be2 Nxd2 11. Qxd2 Bd6 12. O-O Bxf3 13. Bxf3 O-O 14. Rac1 f5
15. g3 Nb8 16. Bg2 Nd7 17. f3 Qg5 18. Qd3 Nb6 19. e4 f4 20. e5 Bb8 21. gxf4
Rxf4 22. Rcd1 Ba7 23. Bc1 Raf8 24. Bxf4 Rxf4 25. Rc1 Nc4 26. Rxc4 dxc4 27. Qxc4
Qxe5 28. Qc8+ Rf8 29. Qxb7 Bxd4+ 30. Kh1 Qf4 31. Qxa6 Qe3 32. f4 h6 33. Qc6
Rxf4 34. Qc8+ Kh7 35. Qc2+ Kg8 36. Qc8+ Kh7 37. Qc2+ Kg8 38. Qc8+ 1/2-1/2

[Event "Gibtelecom ChallWk1 6th"]
[Site "Gibraltar"]
[Date "2008.01.25"]
[Round "4.10"]
[White "Kawuma, Steven Male"]
[Black "Haugstad, Espen"]
[Result "0-1"]
[WhiteElo "2166"]
[BlackElo "2042"]
[PlyCount "76"]
[EventDate "2008.01.22"]
[EventType "swiss"]
[EventRounds "5"]
[EventCountry "GGB"]
[SourceTitle "BritBase"]
[Source "www.saund.co.uk"]
[SourceDate "2018.02.10"]
[SourceVersion "1"]
[SourceVersionDate "2018.02.10"]
[SourceQuality "1"]

1. Nf3 Nf6 2. d3 d5 3. g3 c5 4. Bg2 Nc6 5. O-O e5 6. Nbd2 Be7 7. c4 d4 8. Ne4
Nxe4 9. dxe4 O-O 10. Ne1 a6 11. a4 Na5 12. b3 Be6 13. Bd2 Nc6 14. a5 b5 15.
axb6 Qxb6 16. Nd3 Rfb8 17. Ra3 a5 18. Nb2 Rb7 19. Na4 Qc7 20. h4 Nb8 21. Kh2
Qc8 22. f4 Bd6 23. f5 Bd7 24. f6 Ra6 25. fxg7 Be7 26. Qc1 Qd8 27. Bg5 Bxg5 28.
hxg5 Bxa4 29. bxa4 Rg6 30. Rf5 Nc6 31. Raf3 Kxg7 32. Bh3 Qe8 33. Rf6 Nd8 34.
Bf5 Qxa4 35. Bxg6 hxg6 36. Kg2 Qa2 37. Kf2 Rb2 38. Kf1 Rb1 0-1